Normal view
MARC view
Entry Personal Name
001 - CONTROL NUMBER
- control field: 48948
003 - CONTROL NUMBER IDENTIFIER
- control field: dpl
005 - DATE AND TIME OF LATEST TRANSACTION
- control field: 20120613130537.0
008 - FIXED-LENGTH DATA ELEMENTS
- fixed length control field: 120613|||a|||||| | ||| d
040 ## - CATALOGING SOURCE
- Original cataloging agency: dpl
- Transcribing agency: dpl
100 ## - HEADING--PERSONAL NAME
- Personal name: Mallampalli, Chandra
670 ## - SOURCE DATA FOUND
- Source citation: Work cat.: (dpl)67274: Mallampalli, Chandra , Christians and public life in colonial South India, 1863-1937 :, 2006 (repr)
670 ## - SOURCE DATA FOUND
- Source citation: Work cat.: (dpl)67274: Mallampalli, Chandra , Christians and public life in colonial South India, 1863-1937 :, 2006 (repr)
